00650nam a2200181Ia 4500952013100000999001700131003000400148005001700152008004100169040000900210082001800219100003100237245008200268260005500350300000900405650001200414942004200426 00102ddc40708HISTORYaMESbMEScHISd2019-02-20g16.00l0o954.83 PRA/Cp9043r2019-02-20 00:00:00w2019-02-20yBKzGL34R3 c19184d19184OSt20200626120638.0190216s9999||||xx |||||||||||||| ||und|| coclc a954.83bPRA/C aPrabhatham Printings93267 0a26 Aam CPSU Congress Pramana Rekhakalum Premeyangalum /cPrabhatham Printings bPrabhatham Printing &publishing Comp,aTrivandrum: a434p aHistory cBK2ddch954.83iPRA/Ck954.83mPRA/C